A Call to spiritual reformation : (Record no. 9936)

MARC details
000 -LEADER
fixed length control field 00719cam a22002172 4500
001 - CONTROL NUMBER
control field 0000023714
005 - DATE AND TIME OF LATEST TRANSACTION
control field 20151217152247.0
008 - FIXED-LENGTH DATA ELEMENTS--GENERAL INFORMATION
fixed length control field 130319s xx 000 0 eng d
020 ## - INTERNATIONAL STANDARD BOOK NUMBER
International Standard Book Number 0801025699
040 ## - CATALOGING SOURCE
Original cataloging agency KABU
Transcribing agency KABU
100 1# - MAIN ENTRY--PERSONAL NAME
Personal name Carson, D. A.
-- 0000149034
245 12 - TITLE STATEMENT
Title A Call to spiritual reformation :
Remainder of title priorities from Paul and his prayers /
Statement of responsibility, etc. D. A. Carson.
250 ## - EDITION STATEMENT
Edition statement 1st ed.
260 ## - PUBLICATION, DISTRIBUTION, ETC. (IMPRINT)
Place of publication, distribution, etc. Michigan :
Name of publisher, distributor, etc. Bakerbooks,
Date of publication, distribution, etc. 1992.
300 ## - PHYSICAL DESCRIPTION
Extent 230 p.
630 00 - SUBJECT ADDED ENTRY--UNIFORM TITLE
Uniform title Bible.
Name of part/section of a work N. T.
-- Epistles of Paul.
General subdivision History and criticism
-- Prayers.
-- 0000182506
650 #0 - SUBJECT ADDED ENTRY--TOPICAL TERM
Topical term or geographic name as entry element Prayers
General subdivision Biblical teaching.
-- 0000182507
852 1# - LOCATION
-- p515 KES
908 ## - PUT COMMAND PARAMETER (RLIN)
Put command parameter 130319
950 ## - LOCAL HOLDINGS (RLIN)
-- 1
Holdings
Withdrawn status Lost status Source of classification or shelving scheme Not for loan Home library Current library Date acquired Total Checkouts Full call number Barcode Date last seen Price effective from Koha item type Cost, normal purchase price
    Library of Congress Classification   Kabarak, Main Campus Kabarak, Main Campus 17/12/2015   BS2655 .P73C37 1992 c.1 014684 02/08/2024 17/12/2015 General Collection  
    Library of Congress Classification   Kabarak, Main Campus Kabarak, Main Campus 17/12/2015   BS2655 .P73C37 1992 c.2 031777 02/08/2024 17/12/2015 General Collection 1100.00
Designed with assistance from East African Informatics Ltd